Atles electoral. Els consistoris del Masnou 1812-1979 Els consistoris del Masnou 1812-1979
Descripción Física:
190 p. il 30 cm.
Colección:
La Roca del Xeix
; 29
Idioma:
Catalán
MARC
| LEADER | 00000nam a22000007a 4500 | ||
|---|---|---|---|
| 001 | 25091 | ||
| 003 | Arxiu | ||
| 005 | 20260324180724.0 | ||
| 008 | 211221b spa||||| |||| 00| 0 cat d | ||
| 100 | |9 52440 |a Toran, Rosa, 1947- | ||
| 245 | |a Atles electoral. |b Els consistoris del Masnou 1812-1979 | ||
| 260 | |a El Masnou : |b Ajuntament del Masnou. Arxiu Municipal, |c 2013 | ||
| 300 | |a 190 p. |b il |c 30 cm. | ||
| 490 | |a La Roca del Xeix |v 29 | ||
| 586 | |a V Beca de recerca local del Masnou. Maig de 2013 | ||
| 942 | |c ARXIU |n 1 |2 udc | ||
| 952 | |0 0 |1 0 |2 udc |4 0 |6 BIB370 |7 1 |9 60909 |a Arxiu |b Arxiu |d 2021-12-21 |o Bib-370 |p 25091 |r 2021-12-21 00:00:00 |w 2021-12-21 |y ARXIU | ||
| 999 | |c 81036 |d 81036 | ||